00262nam a22001097a 4500003000500000038001100005082001800016100002100034245004400055260004000099300001300139NUST awaseem a199.5491bBAS aBashir, Muhammad aPotential & Identity /cMuhammad Bashir aIslamabad :bThe Army press,c2019. a259 p. ;